Statistics for Which Country Borders . . . Click Quiz!

Click here to take the quiz!

General Stats

  • This quiz has been taken 54 times
  • The average score is 16 of 21

Answer Stats

HintAnswer% Correct
IranArmenia
94%
GuatemalaEl Salvador
91%
EthiopiaSouth Sudan
88%
SlovakiaCzech Republic
85%
BoliviaChile
82%
SurinameFrance
82%
ZimbabweSouth Africa
82%
GreeceAlbania
79%
MalaysiaIndonesia
79%
BelarusLatvia
79%
LiechtensteinSwitzerland
79%
CambodiaLaos
76%
TanzaniaUganda
76%
AfghanistanChina
73%
CroatiaMontenegro
73%
MaliBurkina Faso
70%
CameroonGabon
70%
MoroccoSpain
70%
GhanaTogo
61%
ZambiaAngola
58%
NigerBenin
52%

Score Distribution

Percentile by Number Answered

Percent of People with Each Score

Your Score History

You have not taken this quiz